[Event "Ramat Gan Dov Porat Blitz op"]
[Site "Ramat Gan"]
[Date "2023.10.06"]
[Round "4"]
[White "Sitbon, Itay"]
[Black "Cohen, Yehuda"]
[Result "1-0"]
[WhiteElo "2163"]
[BlackElo "2020"]
[PlyCount "53"]
[EventDate "2023.10.06"]
[EventType "swiss (blitz)"]
[EventRounds "11"]
[EventCountry "ISR"]
[SourceTitle "EXT 2025"]
[Source "ChessBase"]
[SourceDate "2024.10.14"]
[SourceVersion "1"]
[SourceVersionDate "2024.10.14"]
[SourceQuality "1"]

1. e4 e5 2. Nc3 Nc6 3. Bc4 Nf6 4. d3 h6 5. f4 Bc5 6. fxe5 Nxe5 7. Bb3 Bd4 8. Nge2 Bb6 9. d4 Ng6 10. e5 Ng4 11. Ng3 d6 12. e6 Qh4 13. exf7+ Kd8 14. Qd3 Nxh2 15. Qxg6 Bg4 16. Bf4 Bxd4 17. Nce4 Bxb2 18. Bxd6 cxd6 19. Qxd6+ Bd7 20. f8Q+ Rxf8 21. Qxf8+ Be8 22. Rd1+ Kc7 23. Qd6+ Kc8 24. Qe6+ Bd7 25. Qxd7+ Kb8 26. Qd6+ Kc8 27. Be6# 1-0

[Event "Ramat Gan Dov Porat Blitz op"]
[Site "Ramat Gan"]
[Date "2023.10.06"]
[Round "2"]
[White "Slobodiansky, Steven"]
[Black "Cohen, Yehuda"]
[Result "1-0"]
[WhiteElo "2273"]
[BlackElo "2020"]
[PlyCount "72"]
[EventDate "2023.10.06"]
[EventType "swiss (blitz)"]
[EventRounds "11"]
[EventCountry "ISR"]
[SourceTitle "EXT 2025"]
[Source "ChessBase"]
[SourceDate "2024.10.14"]
[SourceVersion "1"]
[SourceVersionDate "2024.10.14"]
[SourceQuality "1"]

1. e4 e5 2. Bc4 Nc6 3. Nc3 Nf6 4. d3 h6 5. Nge2 Bc5 6. 0-0 d6 7. h3 Be6 8. Bb3 0-0 9. Be3 Bb6 10. d4 Bxb3 11. axb3 exd4 12. Nxd4 Re8 13. Nxc6 bxc6 14. Qd3 Qe7 15. f3 Nd7 16. Na4 Bxe3+ 17. Qxe3 f5 18. Nc3 d5 19. Rxa7 Rxa7 20. Qxa7 fxe4 21. fxe4 dxe4 22. Qxc7 Qc5+ 23. Kh1 Nf6 24. Qf4 e3 25. Re1 Kh8 26. Qc4 Qf5 27. Ne2 Qf2 28. Rg1 Nh5 29. Qxc6 Re5 30. Qf3 g6 31. Rd1 Qxf3 32. gxf3 Rf5 33. Rf1 Kg7 34. f4 Rd5 35. Rf3 Rd2 36. Nc3 e2 1-0